000
00370nam a2200133Ia 4500
008
100328s9999 xx 000 0 und d
082
_b
60921
100
_a
भागवत विद्याार.
245
_a
जखमी पंख.
260
_b
माुश्री.
630
_a
जखमी पंख.
730
_a
जखमी पंख.
942
_c
BOOK
999
_c
547036
_d
547033